000 00580nam a22001337a 4500
040 _cRUA
082 _aAGR SAN 1997 B019 Or.1
100 _aSANN BOONNA
245 _aPilot farmer field school on cabbage in cambodia ការសាកល្បងបើកសាលារៀនចំការកសិករលើដំណាំស្ពៃក្ដោបនៅប្រទេសកម្ពុជា
260 _aPhnom Penh
_bRUA
_c1997
300 _a73p.
_bill.
_c29cm.
856 _uhttps://drive.google.com/file/d/1iZA2jMV-_hd438RRHKpsDER-42qQKFz5/view?usp=sharing
942 _cAGR
999 _c330
_d330